000
00302nam a2200121Ia 4500
008
190216s9999||||xx |||||||||||||| ||und||
100
_a
"Kesava Murthy N,Narayana Iyer S"
245
0
_a
Digital Signal Processing
260
_b
Jaico Publishing House
300
_a
543
650
_a
Physics
942
_c
BK
999
_c
34203
_d
34203